书目信息 |
| 题名: |
射影几何
|
|
| 作者: | 方德植 , 陈奕培 编 | |
| 分册: | ||
| 出版信息: | 北京 高等教育出版社 1983 |
|
| 页数: | 318页 | |
| 开本: | 21cm | |
| 丛书名: | ||
| 单 册: | ||
| 中图分类: | O185.1 | |
| 科图分类: | ||
| 主题词: | 射影几何 | |
| 电子资源: | ||
| ISBN: | ||
| 000 | 00671nam0 2200253 45 | |
| 001 | 0183012022 | |
| 005 | 20041221081417.8 | |
| 010 | @dCNY1.60 | |
| 091 | @a13010.0846 | |
| 100 | @a19950424d1983 em y0chiy0121 ea | |
| 101 | 0 | @achi |
| 102 | @aCN@b110000 | |
| 105 | @ay z 000yy | |
| 200 | 10 | @a射影几何@Ashe ying ji he@f方德植, 陈奕培编@FFang De Zhi,Chen Yi Pei Bian |
| 210 | @a北京@c高等教育出版社@d1983 | |
| 215 | @a318页@d21cm | |
| 300 | @a高等学校教学参考书 | |
| 606 | @a射影几何 | |
| 690 | @aO185.1@v3 | |
| 701 | 0 | @a方德植@4编 |
| 701 | 0 | @a陈奕培@4编 |
| 801 | 0 | @aCN@b上海图书馆@c20040524 |
| 801 | 2 | @aCN@bNLC@c20040524 |
| 905 | @dO185.1@e5@f1@b102501 | |
| 射影几何/方德植, 陈奕培编.-北京:高等教育出版社,1983 |
| 318页;21cm |
| 高等学校教学参考书 |
| ISBN :CNY1.60 |
| ● |
| 相关链接 |
|
|
|
|
正题名:射影几何
索取号:O185.1/5
 
预约/预借
| 序号 | 登录号 | 条形码 | 馆藏地/架位号 | 状态 | 备注 |
| 1 | 0102497 | 000397136 | 第三借阅区/ [索取号:O185.1/5] | 在馆 | |
| 2 | 0102498 | 202094937 | 第二样本阅览室/ [索取号:O185.1/5] | 在馆 | |
| 3 | 0102499 | 000397181 | 第三借阅区/ [索取号:O185.1/5] | 在馆 | |
| 4 | 0102500 | 001959900 | 第三借阅区/ [索取号:O185.1/5] | 在馆 | |
| 5 | 0102501 | 000397145 | 第三借阅区/ [索取号:O185.1/5] | 在馆 |